Mrazeným produktom vládne zmrzlina

V roku 2022 boli najsilnejším mesiacmi pre predaj zmrzliny jún, júl a august. Podľa GfK si za tieto mesiace domácnosti v nákupoch odniesli domov takmer 60 % celkového objemu zmrzliny nakúpeného za posledných 12 mesiacov. Menej sezónne sú nákupy ostatných mrazených a chladených potravín a hotových je...

Descrizione completa

Salvato in:
Dettagli Bibliografici
Natura: Capitolo di libro
Lingua:slovacco
Soggetti:
Tags: Aggiungi Tag
Nessun Tag, puoi essere il primo ad aggiungerne!!

MARC

LEADER 00000naa a2200000 4500
001 0296783
005 20240417075250.6
041 0 |a slo 
044 |a SK 
245 1 0 |a Mrazeným produktom vládne zmrzlina 
520 |a V roku 2022 boli najsilnejším mesiacmi pre predaj zmrzliny jún, júl a august. Podľa GfK si za tieto mesiace domácnosti v nákupoch odniesli domov takmer 60 % celkového objemu zmrzliny nakúpeného za posledných 12 mesiacov. Menej sezónne sú nákupy ostatných mrazených a chladených potravín a hotových jedál. 
610 2 0 |a potraviny mrazené 
610 2 0 |a dopyt spotrebiteľský 
610 2 0 |a sortiment tovaru 
610 2 0 |a predaj 
610 2 0 |a domácnosti